header

Diplomacy of conscience (Record no. 86594)

MARC details
000 -LEADER
fixed length control field 01255nam a2200313Ia 4500
100 1# - MAIN ENTRY--AUTHOR NAME
Personal name Clark, Ann Marie,
245 10 - TITLE STATEMENT
Title Diplomacy of conscience
260 ## - PUBLICATION, DISTRIBUTION, ETC. (IMPRINT)
Place of publication Princeton, NJ :
Name of publisher Princeton University Press,
Year of publication c2001.
300 ## - PHYSICAL DESCRIPTION
Number of Pages xii, 183 p. :
Other physical details ill.
650 #0 - SUBJECT ADDED ENTRY--TOPICAL TERM
Topical Term Human rights.
856 40 - ELECTRONIC LOCATION AND ACCESS
Uniform Resource Identifier http://site.ebrary.com/lib/rucke/Doc?id=10412752

No items available.

© 2026 Rongo University
Contact us: librarian | system librarian | Rongo university